| 000 | 01964nam a2200349 c 4500 | ||
|---|---|---|---|
| 003 | BLK | ||
| 005 | 20250502121708.0 | ||
| 008 | 180410b bul|||||r ||||||| ||bul|| | ||
| 010 | _aKNG00159948000 | ||
| 040 | _aBLK | ||
| 041 |
_aBUL _cBUL |
||
| 080 |
_aРуска литература _b821.161.1 _x(081) _z821.161.1(081) |
||
| 080 |
_aРуска литература _b821.161.1 _x-31 _z821.161.1-31 |
||
| 100 | 1 |
_aДостоевски, Фьодор Михайлович _d1821-1881 _eпърви автор _964791 |
|
| 700 | 1 |
_aБурсов, Борис Иванович _eс предг. от _9332102 |
|
| 700 | 1 |
_aЦветков, Иван Александров _eс послесл. от _9370523 |
|
| 700 | 1 |
_aРайчев, Венцел Йорданов _eпрев. с предг. от _9367715 |
|
| 139 |
_aДостоевски, Фьодор Михайлович _bД 82 |
||
| 245 | 1 | 0 |
_aСъбрани съчинения _bВ 12 т. За том: Бесове : Роман _cФьодор Михайлович Достоевски; с предг. от Борис Иванович Бурсов; с послесл. от Иван Александров Цветков; прев. с предг. от Венцел Йорданов Райчев. _nТ. 7 _p1870-1872 |
| 257 | _aRUS | ||
| 260 |
_аСофия _bНар. култура _c1981 - _fЗа том: В. Търново : печ. Д. Найденов |
||
| 300 | _c22 см | ||
| 380 | _aX | ||
| 500 | _a45 125 тир. | ||
| 760 | 1 |
_aДостоевски, Фьодор Михайлович _d1983 _h643 с. : 1 л. портр. _nПрев. е направен от Полное собрание сочинений в 30 т., т. 10, 11, 12 ; Ориг. загл. Бесы - Подв. _tТ. 7 1870-1872 |
|
| 852 | _aЦб 110997 | ||
| 856 | 4 |
_qpdf _u |
|
| 856 | 4 |
_qpdf _u |
|
| 942 |
_cKNG _n0 _021 |
||
| 944 |
_aCR _c17.04.2014 _lВиолета Тройчева _k30552 |
||
| 944 |
_aED _c17.04.2014 _l17.04.2014 - от С1,Р / 17.04.2014 _k |
||
| 999 |
_c153418 _d153418 |
||